00186nam a2200073Ia 4500008004100000100002100041245003000062260002000092120527s9999 xx 000 0 und d aGIDDENE, Duneier aIntroduction to Sociology bWW Norton & Coy